banner koha

Aspectos fitossanitarios da cultura do feijoeiro no estado de Pernambuco [Phaseolus vulgaris; Virose vegetal; Cigarrinha verde; Inseticida; Controle quimico; Brasil] (Registro n. 312160)

MARC details
000 -LÍDER
campo de controle de tamanho fixo 01339naa a22003857a 4500
001 - NÚMERO DE CONTROLE
campo de controle BR8003012
003 - IDENTIFICADOR DO NÚMERO DE CONTROLE
campo de controle BR-BrBNA
005 - DATA E HORÁRIO DA ÚLTIMA TRANSAÇÃO
campo de controle 20240918174601.0
007 - CAMPO FIXO DE DESCRIÇÃO FÍSICA--INFORMAÇÃO GERAL
campo de controle de tamanho fixo ta
008 - CAMPO DE DADOS FIXOS--INFORMAÇÃO GERAL
campo de controle de tamanho fixo 230509b bl.||||| |||| 00| 0 por d
040 ## - FONTE DA CATALOGAÇÃO
Instituição da catalogação original BR-BrBNA
Idioma da catalogação por
Instituição que transcreveu o registro Biblioteca Nacional de Agricultura
041 ## - CÓDIGO DE IDIOMA
Código do idioma do texto/trilha sonora ou título diferente (Pt)
072 ## - CÓDIGO DE CATEGORIA DE ASSUNTO
Código de Categoria de Assunto H20; H10
Código do objeto 1410
-- 4150
-- 4020
-- 3877
-- G514
090 ## - NÚMERO DE CHAMADA LOCAL
Número de chamada H20 BR8003012
100 1# - ENTRADA PRINCIPAL--NOME PESSOAL
Nome pessoal Costa, A.F. da
100 1# - ENTRADA PRINCIPAL--NOME PESSOAL
Nome pessoal Araujo, A.D. de
100 1# - ENTRADA PRINCIPAL--NOME PESSOAL
Nome pessoal Miranda, P.
100 1# - ENTRADA PRINCIPAL--NOME PESSOAL
Nome pessoal Lima, G.R. de A.
100 1# - ENTRADA PRINCIPAL--NOME PESSOAL
Nome pessoal Ferraz, I.
100 1# - ENTRADA PRINCIPAL--NOME PESSOAL
Nome pessoal Portela, M.C.L. da S.
245 1# - TÍTULO
Título Aspectos fitossanitarios da cultura do feijoeiro no estado de Pernambuco [Phaseolus vulgaris; Virose vegetal; Cigarrinha verde; Inseticida; Controle quimico; Brasil]
260 3# - PUBLICAÇÃO, DISTRIBUIÇÃO, ETC.
Local de publicação, distribuição, etc. Recife, PE (Brasil):
Data da publicação, distribuição, etc. 1980.
500 ## - NOTA GERAL
Nota geral Projeto Feijao. Relatorio Anual de Pesquisa 1979<br/>Recife, PE (Brasil): 1980. p. 34-46<br/>(BR8003012-AM)H20<br/>
650 ## - ASSUNTO--TERMO TÓPICO
Cabeçalho tópico ou nome geográfico Producao vegetal
650 ## - ASSUNTO--TERMO TÓPICO
Cabeçalho tópico ou nome geográfico Feijao
650 ## - ASSUNTO--TERMO TÓPICO
Cabeçalho tópico ou nome geográfico Virose vegetal
650 ## - ASSUNTO--TERMO TÓPICO
Cabeçalho tópico ou nome geográfico Cigarrinha verde
650 ## - ASSUNTO--TERMO TÓPICO
Cabeçalho tópico ou nome geográfico Inseticida
650 ## - ASSUNTO--TERMO TÓPICO
Cabeçalho tópico ou nome geográfico Controle quimico
650 ## - ASSUNTO--TERMO TÓPICO
Cabeçalho tópico ou nome geográfico Tratamento fitossanitario
650 ## - ASSUNTO--TERMO TÓPICO
Cabeçalho tópico ou nome geográfico Pernambuco
773 0# - ENTRADA ANALÍTICA
Título Projeto Feijao. Relatorio Anual de Pesquisa 1979
Número de controle do registro H20 BR8003012
Partes relacionadas Recife, PE (Brasil), 1980. p. 34-46
909 ## -
-- 202404
-- Lucia
-- 55
-- Lucia Elande
942 ## - ELEMENTOS DE ENTRADA ADICIONADOS (KOHA)
Tipo de material Koha Capítulo-Livro
Fonte da classificação ou esquema de arquivamento na estante Classificação AGRIS
Exemplares
Situação do descarte Fonte da classificação ou esquema de arquivamento na estante Situação física Não pode ser emprestado Coleção Biblioteca de origem Biblioteca atual Localização na estante Total de empréstimos Número de telefone completo Data de último acesso Número do exemplar Tipo de material Koha Situação das perdas Data de aquisição Fonte de aquisição
  Classificação AGRIS       Biblioteca Nacional de Agricultura - Binagri Biblioteca Nacional de Agricultura - Binagri Agrobase - Acervo Geral   1410 BR8003010 20/05/2024 01 Capítulo-Livro   2024-04-11 Portaria Interministerial nº 164/94

BINAGRI

Telefone: (61)3218-2567/2388/3357/2097 - binagri@agro.gov.br

Ministério da Agricultura e Pecuária , Esplanada dos Ministérios, Bloco D, Anexo B, Brasília/DF, CEP: 70.043-900